Bienvenue à la Médiathèque de Saint-Andiol
banniere
Accueil Recherche avancée Mon compte
handi1 Rechercher dans le catalogue

Filtre   Mots-clés
  Recherche avancée
 
Lister les dernières nouveautés
 
Lister les livres GROS CARACTERES
 
Lister les périodiques (magazines)

handi1 Dans mon igloo

<< Retourner aux résultats de la recherche
Book Cover
Auteur principal : Natalie Tual
Autres auteurs : Anne Crahay
Titre : Dans mon igloo
Support : Livres
Langue : Francais
Publié : 2023 Didier jeunesse Paris
Genre : Album
Collection : Les tout-cartons petite enfance
Sujets :
Étiquettes :
Pas de tags
LEADER 01035nam0a2200229 450
001 16868143
010 |a 978-2-278-12544-9  |b cart.  |d 12,9 € 
100 |a 20230706d2023 u u0frey01 ba 
101 0 |a fre 
102 |a FR 
200 0 |a Dans mon igloo  |f Natalie Tual  |g illustrations d'Anne Crahay 
207 1 |a   
210 |a Paris  |c Didier jeunesse  |d 2023 
215 |a 1 vol. (18 p.)  |c illustrations en couleur  |d 19 x 19 cm 
225 1 |a Les tout-cartons petite enfance 
330 |a La journée d'un petit garçon vivant sur la banquise, et de toutes ses techniques pour avoir chaud, dans son igloo ou dehors entouré de ses amis les animaux. Un récit inspiré d'une chanson composée par l'auteure, avec un QR code donnant accès au clip vidéo. Electre 2024 
606 0 |a Glace de mer  |x Ouvrages pour la jeunesse 
700 0 |a Tual  |b Natalie  |4 70 
701 0 |a Crahay  |b Anne  |f 1973-....  |4 440 
900 |a Album 
901 |a Jeunesse 
995 |a Médiathèque  |c Médiathèque  |f 00156011107893  |h 00156011107893  |k A TUA BB  |o p  |q j  |r az  |e Médiathèque